| 000 | 00643nam a2200205 i 4500 | ||
|---|---|---|---|
| 001 | 45499 | ||
| 003 | ES-MaACL | ||
| 005 | 20250724210009.0 | ||
| 007 | t| | ||
| 008 | 030326s1948 ag ||||1| spa d | ||
| 100 | 1 |
_aCohen, Gustave. _939495 |
|
| 245 | 1 | 3 |
_aLa gran claridad de la Edad Media / _cGustave Cohen ; [traducido por José Luis Romero]. |
| 260 |
_aBuenos Aires : _bArgos, _c[1948] ( _fLópez) |
||
| 300 |
_a175 p. ; _c21 cm. |
||
| 490 | 1 | _aHistoria y viajes | |
| 700 | 1 |
_aRomero, José Luis. _999332 |
|
| 830 | 0 | 0 |
_aHistoria y viajes (Argos) _9229938 |
| 852 |
_aES-MaACL _jD-5594 _bR.30715 |
||
| 999 |
_c45499 _d45499 |
||